00732nam a2200205 a 450000100100000000500170001000800410002702000150006804000250008308200150010824501550012326000510027830000310032949000270036070000330038770000240042070000240044470000310046883000270049900002226420200930011645.0100921s2003 cl c 000 0 spa d a9562825795 aDO-SdBNPbspacBNPHU axxxbC322s00aCartas salidas del silencio /cselección y notas Pedro Pablo Zegers B. , Thomás Harris E., Daniela Schutte G. ; presentación Volodia Teitelboim. aSantiago de Chile :bDirección Dibam,c2003. a165 p. :bretrs. ;c21 cm.1 aJoyas bibliográficas1 aZegers B., Pedro Pabloesel.1 aHarris E., Thomás1 aSchutte G., Daniela1 aTeitelboim, Volodiaepres. 0aJoyas bibliográficas